000 01493nam0a2200313 4500
001 RU\NLR\b_ik\165189
005 20250616230331.0
035 _a(NLR Aleph) 002237992
090 _a3518609
_c3518609
100 _a20071226d2007 |||y0rusy50 ca
101 0 _aeng
_drus
102 _aRU
105 _ay |||||||||
200 1 _aOn the existence of a component-wise positive radially symmetric solution for a superlinear system
_fP.E. Zhidkov
210 _aДубна
_cОбъед. ин-т ядер. исслед.
_d2007
215 _a6 с.
_d22
225 1 _aОбъединенный институт ядерных исследований, Дубна
_vE5-2007-72
300 _aНа 3-й с. обл.: О существовании покомпонентно-положительного для некоторой суперлинейной системы / Жидков П.Е.
300 _aРез. на рус. яз
313 _aШредингера ур-е
320 _aБиблиогр.: с. 6
517 0 _aО существовании покомпонентно-положительного для некоторой суперлинейной системы
606 1 _aШредингера нелинейное уравнение
_xРешение
_xЧисленные методы
_92349154
_3RU\NLR\AUTH\661403595
686 1 _aВ314.1
700 1 _aŽidkov
_bP. E.
_gPetr Evgen'evič
_4070
801 0 _aRU
_bNLR
_c20071226
_gRCR
942 _cBOOK
980 _aNB